000 00277nam a2200145Ia 4500
100 _aWebber/ Rose A/ Irwin
942 _cBK
654 _aManagement
245 _aManagement
260 _bnone
082 _a658.8
_bWEB
300 _a775
546 _aENGLISH
999 _c21730
_d21730